000 01726cam a22004574i 4500
003 PE-LiUPU
005 20250731173329.0
008 150625s2001 miu r 000 0 eng d
020 _a0310237017
035 _a(Sirsi) i9780310237013
040 _aPE-LiUPU
_bspa
_cPE-LiUPU
_erda
049 _aPRUA
082 0 4 _a220.44415076
_bP84b
_221
100 1 _aPratico, Gary D.,
_eautor.
245 1 0 _aBasics of biblical hebrew :
_bworkbook /
_cGary D. Pratico y Miles V. Van Pelt.
264 1 _aGrand rapids, Michigan :
_bZondervan,
_c2001.
300 _a303 páginas ;
_c28 centímetros
336 _atext
_2rdacontent
337 _aunmediated
_2rdamedia
338 _avolume
_2rdacarrier
505 0 _aThe basics of Hebrew Writing -- The basics of Hebrew nouns and nominals -- Introduction to Hebrew verbs and the Qal stem -- Introduction to the derived stems -- Translation texts.
526 _aSEG42
526 _aSEG41
526 _aSEG40
526 _aSEG39
526 _aP94
526 _aP87
526 _aP86
526 _aP85
526 _aP77
526 _aP76
526 _aP35
541 _g001-0000405;
630 _aHebreo bíblico
_xGramática.
700 1 _aVan Pelt, Miles V.,
_eautor.
942 _2ddc
_cBOOK
949 _a220.44415076 P84B
_wDEWEY
_c1
_i59050
_lCCODEBUL1
_mBUL
_p27.00
_r0
_sY
_tBOOK
_u2015-6-25
_xTEOLOGIA
_zUNKNOWN
_0COMPRA
_o.STAFF. Colección Teología
994 _aC0
_bPEPRU
596 _a1
999 _a220.44415076 P84B
_wDEWEY
_c47880
_i59050
_d47880
_f2021-11-9
_g5
_lCCODEBUL1
_mBUL
_p27.00
_q3
_r0
_sY
_tBOOK
_u2015-6-25
_xTEOLOGIA
_PP35
_0COMPRA
_o.STAFF. Colección Teología
980 _81
_gALBERTO SANCHEZ Responsable de Automatización